Những vấn đề thiết yếu trong thông khí cơ học = Essentials of mechanical ventilation

Gespeichert in:
Bibliographische Detailangaben
1. Verfasser: Dean R. Hess
Format: Buch
Sprache:Undetermined
Veröffentlicht: Đà Nẵng Đà Nẵng 2002
Schlagworte:
Tags: Tag hinzufügen
Keine Tags, Fügen Sie den ersten Tag hinzu!
Thư viện lưu trữ: Trung tâm Học liệu Trường Đại học Cần Thơ
LEADER 00708nam a2200193Ia 4500
001 CTU_54568
008 210402s9999 xx 000 0 und d
020 |b 70000 
082 |a 615.836 
082 |b H586 
100 |a Dean R. Hess 
245 0 |a Những vấn đề thiết yếu trong thông khí cơ học 
245 0 |b = Essentials of mechanical ventilation 
245 0 |c Dean R. Hess, Robert M. Kacmarek; Lê Hồng Hà, Nguyễn Huỳnh Hiệp dịch 
260 |a Đà Nẵng 
260 |b Đà Nẵng 
260 |c 2002 
650 |a aerotherapy,medical emergencies,rescue work,respirators ( medical equipment ) 
980 |a Trung tâm Học liệu Trường Đại học Cần Thơ